Cyrilské rukopisy vo fonde Štátnej vedeckej knižnice v Prešove

Bibliographic Details
Main Author: Šelepec, Jozef, 1938- (Author)
Corporate Author: Štátna vedecká knižnica v Prešove
Format: Book
Language:Slovak
PhysicalDescription:71 s. faks., ilustr. 21 cm
Published: Prešov Štátna vedecká knižnica 2009
ISBN:9788085734812
Edition:1. vyd.
Series:Historické fondy
Subjects:

MARC

LEADER 00000cam a2200000 a 4500
001 vtls010261734
003 SK-MaSNL
005 20260301131751.0
008 240315s2009 xo ha d 001 0 slo
015 |a SNBA2011/05-02364 
020 |a 9788085734812  |q (brož.) 
035 |a 01FF4C35-D01D-4457-A4E7-92A5E5B860DB 
035 |a urn:nbn:sk:snk-amjh5x 
035 |a urn:nbn:sk:snk-am001sgn 
040 |a SNK  |b slo  |c SNK  |e AACR2 
041 0 |a slo 
043 |a e-xo--- 
044 |a xo  |c SK 
072 7 |a 09  |x Rukopisy, prvotlače, staré tlače. Vzácne a pozoruhodné diela  |2 konspekt 
080 |a 091:003.349.3  |2 2001 
080 |a [930.85:08/09](091)  |2 2001 
080 |a 025.171  |2 2001 
080 |a (437.6)  |2 2001 
080 |a (01)  |2 2001 
080 |a 016  |2 2001 
100 1 |a Šelepec, Jozef,  |d 1938-  |4 aut  |9 109491 
245 1 0 |a Cyrilské rukopisy vo fonde Štátnej vedeckej knižnice v Prešove  |c Jozef Šelepec 
246 1 4 |a Cyrilské rukopisy vo fondoch Štátnej vedeckej knižnice v Prešove 
250 |a 1. vyd. 
260 |a Prešov  |b Štátna vedecká knižnica  |c 2009 
300 |a 71 s.  |b faks., ilustr.  |c 21 cm 
366 |e 50 výt. 
490 1 |a Historické fondy 
504 |a Bibliogr. s. 7. Pozn. Reg. Skrat. 
650 0 7 |a cyrilské rukopisy  |2 SNKPH  |9 83612 
650 0 7 |a dejiny knižnej kultúry  |2 SNKPH  |9 71470 
650 0 7 |a historické knižné fondy  |2 SNKPH  |9 71548 
650 0 7 |a Cyrillic manuscripts  |2 SNKPHeng  |9 305754 
650 0 7 |a History of books and reading  |2 SNKPHeng  |9 267129 
650 0 7 |a Historical book collections  |2 SNKPHeng  |9 326656 
651 7 |a Prešov (Slovensko)  |2 SNKPH  |9 17347 
651 7 |a Prešov (Slovakia)  |2 SNKPHeng  |9 267943 
655 7 |a bibliografie  |2 SNKPH  |9 28668 
655 7 |a Bibliographies  |2 SNKPHeng  |9 266698 
710 2 |a Štátna vedecká knižnica v Prešove  |9 252340 
830 0 |a Historické fondy  |9 315258 
852 |a Štátna vedecká knižnica v Banskej Bystrici 
919 |a 978-80-85734-81-2 
958 |a OND 
958 |a NB 
958 |a SF 
968 |d 0 
999 |c 749054  |d 750984 
952 |a SNK  |b SNK  |y VYP  |7 0  |p 17A0691913  |o snkSC 144533 D1  |i snk2011/6766  |8 0  |0 0  |1 0  |4 0  |d 2011-03-24  |f 1  |l 0  |r 2026-02-23 23:26:33  |w 2026-02-23 
952 |a SNK  |b SNK  |y PREZ  |7 0  |p 17A0691195  |o snkSC 144533  |i snk2011/5985  |8 0  |0 0  |1 0  |4 0  |d 2011-03-16  |l 0  |r 2025-07-14 00:00:00  |w 2026-02-23 
952 |t snkSEL 09  |a SNKUST  |b SNKUST  |y PREZ  |7 0  |p 17A0696808  |o snkSC 144533 D2  |i snk2011/8892  |8 0  |0 0  |1 0  |4 0  |d 2011-04-18  |l 0  |r 2025-03-19 00:00:00  |w 2026-02-23